000 00566nam a2200193Ia 4500
008 151121s9999||||xx |||||||||||||| ||und||
082 _a833-/रहब
082 _bHNW-65835
100 _aरहबर हंसराज
245 _aपथ- कुपथ
260 _b"साक्षी प्रकाशन, दिल्ली।"
260 _c--
300 _a164
600 _aरहबर हंसराज
630 _aपथ- कुपथ
700 _aरहबर हंसराज
730 _aपथ- कुपथ
942 _cBOOK
999 _c1247332
_d1247329